01054nam a2200181Ia 4500008004100000020001800041050002100059100003600080245012800116250001200244260004500256300002700301500003500328504005100363505042000414650001800834650002000852120721s2009 mx 000 0 spa d a9786077638124 aH62.A5bZ67 2009 aZorrilla Arena, Santiagoeautor10aIntroducción a la metodología de la Investigaciónc/ Santiago Zorrilla Arenab: casos aplicados a la administración a2a. ed. aMéxicob: Ediciones Cal y Arenac,2009 a391 páginasc; 22 cm a2a. ed. corregida y aumentada. aIncluye bibliografía e índice analítico. 6Parte primera: cuestiones de fundamentación. Ciencia, teoría e investigación. El método en la investigación. Parte segunda: el proceso de investigación. El proceso de la investigación científica. Hipótesis y las variables. Muestreo. La observación, la entrevista y el cuestionario. Procesamiento de la información. Técnicas estadísticas. Análisis de los datos. Casos de investigación.  0aMETODOLOGÍA 0aINVESTIGACIÓN